000 00387nam a22001577a 4500
003 UA-OsUOA
001 5905
007 ta
008 20050721b un ||||| |||| 00| 0 ukr d
100 _aЗубков М.
942 _cBK
040 _aUA-OsUOA
_cUA-OsUOA
_dUA-OsUOA
245 _aВеликий англо-український словник.
_bReference
955 _a2
650 7 _2UDC
999 _c292067
_d292067